La ruina de un cristiano (Registro nro. 35373)
[ vista simple ]
| 000 -LÍDER | |
|---|---|
| Campo fijo de descripción fija | 01389aam a2200313 i 4500 |
| 001 - NÚMERO DE CONTROL | |
| Campo de control | 768714001 |
| 003 - IDENTIFICADOR DEL NÚMERO DE CONTROL | |
| Campo de control | CO-MdFUSB |
| 005 - FECHA Y HORA DE LA ULTIMA TRANSACCIÓN | |
| control field | 20250122171722.0 |
| 007 - CAMPO FIJO DE DESCRIPCIÓN FIJA--INFORMACIÓN GENERAL | |
| Campo fijo de descripción fija | ta |
| 008 - ELEMENTOS DE LONGITUD FIJA -- INFORMACIÓN GENERAL | |
| Campo fijo de descripción fija -- Información general | 240930txxx ck |||| |||| 00| 0 spa d |
| 020 ## - NÚMERO INTERNACIONAL NORMALIZADO PARA LIBROS | |
| Número Internacional Normalizado del libro | 958926978 |
| Información adicional | 8 |
| 040 ## - FUENTE DE CATALOGACIÓN | |
| Agencia que realiza la transcripción | CO-MdFUSB |
| 041 0# - CÓDIGO DE IDIOMA | |
| Código de idioma para texto/pista de sonido o título separado | spa |
| 082 04 - NÚMERO DE CLASIFICACIÓN DECIMAL DEWEY | |
| Número de clasificación | 241 |
| Número de la edición del Dewey | 23 |
| Clave de autor-Numero de item | R496 |
| 100 1# - ASIENTO PRINCIPAL--NOMBRE PERSONAL | |
| Nombre personal | Rice, John R. (1895-) |
| Término relacionador | autor |
| 245 13 - TÍTULO | |
| Título del Material | La ruina de un cristiano |
| Mención de responsabilidad, etc. | / John R. Rice ; introducción por Hyman J. Appelman ; traducido por Abraham Hance C. |
| 264 #0 - PRODUCCIÓN, PUBLICACIÓN, DISTRIBUCIÓN, MANUFACTURA, Y COPYRIGHT | |
| Nombre del productor, publicador, distribuidor | Desafío, |
| Lugar de producción, publicación, distribución, manufactura | Bogotá, Colombia : |
| Fecha de producción, publicación, distribución, manufactura, o copyright | [Fecha de publicación no identificada] |
| 300 ## - DESCRIPCIÓN FÍSICA | |
| Extensión | 318 páginas |
| 336 ## - TIPO DE CONTENIDO | |
| Término de tipo de contenido | texto |
| Código de tipo de contenido | txt |
| Fuente | rdacontent |
| 337 ## - TIPO DE MEDIO | |
| Fuente | rdamedia |
| Nombre del tipo de medio | sin mediación |
| Código del tipo de medio | n |
| 338 ## - TIPO DE SOPORTE | |
| Fuente | rdacarrier |
| Nombre del tipo de soporte | volumen |
| Código Tipo de soporte | nc |
| 505 ## - NOTA DE CONTENIDO | |
| Nota de contenido con formato preestablecido | La ruina de un cristiano. -- Tibieza espiritual. -- El piquete de ejecución de Dios. -- La maldición del pecado oculto. -- El pecado de la mentira. -- Preparad el terreno. "No sembréis sobre espinas" Jer. 4:3. -- Siete aspectos del pecado de aquellos que no ganan almas. -- "Hermanos, no murmuréis los unos de los otros". -- No juzguéis. -- No os juntéis en yugo con los infieles. -- La mayor lección de humildad. -- Un nuevo comienzo. |
| 563 ## - NOTA DE ENCUADERNACIÓN | |
| Nota de encuadernación | Rústico |
| 650 #7 - ASIENTO SECUNDARIO DE MATERIA - TERMINO TEMÁTICO | |
| Término temático o nombre geográfico como elemento de entrada | Ética cristiana |
| 9 (RLIN) | 185 |
| 700 ## - ASIENTO SECUNDARIO - NOMBRE PERSONAL | |
| Nombre personal | Appelman, Hyman J., |
| 9 (RLIN) | 10793 |
| Responsabilidad | introductor |
| 700 ## - ASIENTO SECUNDARIO - NOMBRE PERSONAL | |
| Nombre personal | Hance C. Abraham, |
| 9 (RLIN) | 10794 |
| Responsabilidad | traductor |
| 942 ## - TIPO DE MATERIAL (KOHA) | |
| Tipo de Item KOHA | Libros General |
| 945 ## - INFORMACIÓN LOCAL DEL REGISTRO | |
| Catalogador | JTF-925 |
| Estado de Material | Estado de Perdido | Forma de Clasificación | Estado de Dañado | No para Préstamo | Colección | Tomo | Biblioteca de Origen | Biblioteca Permanente | Fecha de Adquisición | Área | Total de Préstamos | Signatura Topográfica | Código de Barras | Última vez visto | Ejemplar/Existencia | Fecha de Remplazo | Tipo de Material |
|---|---|---|---|---|---|---|---|---|---|---|---|---|---|---|---|---|---|
| Dewey Decimal Classification | Colección General | Biblioteca FUSBC | Biblioteca FUSBC | 30/09/2024 | VIDA CRISTIANA | G 241 R496r | 8071 | 12/12/2019 | Ej. 1 | 26/01/2016 | Libros General |
